[Event "Wloclawek-ch"]
[Site "Wloclawek"]
[Date "2019.??.??"]
[Round "9"]
[White "Matusiak, Wieslaw"]
[Black "Niewiadomski, Andrzej"]
[Result "0-1"]
[WhiteElo "1600"]
[BlackElo "1800"]
[PlyCount "73"]
[EventDate "2019.09.??"]
[EventType "swiss"]
[EventRounds "9"]
[EventCountry "POL"]
[SourceTitle "EXT 2021"]
[Source "ChessBase"]
[SourceDate "2020.10.23"]
[SourceVersion "1"]
[SourceVersionDate "2020.10.23"]
[SourceQuality "1"]

1. Nf3 Nf6 2. c4 c5 3. g3 b6 4. Bg2 Bb7 5. 0-0 d6 6. b3 e6 7. Bb2 Be7 8. d3 0-0 9. Nbd2 Nbd7 10. Qc2 Rc8 11. d4 cxd4 12. Nxd4 Bxg2 13. Kxg2 Qc7 14. Rac1 Qb7+ 15. N4f3 b5 16. Qd1 a6 17. Re1 Rfd8 18. Kg1 b4 19. Nd4 Nc5 20. f3 Rb8 21. Qc2 Bf8 22. e4 Qb6 23. Re2 e5 24. Nf5 Nxb3+ 25. c5 Qxc5+ 26. Qxc5 Nxc5 27. Re3 g6 28. Nh4 Rdc8 29. Ng2 Bh6 30. Re2 a5 31. Rc2 Nd3 32. Rxc8+ Rxc8 33. Nb3 a4 34. Nd2 Nxb2 35. Nf1 Nc4 36. Rc2 b3 37. a3 0-1

[Event "Wloclawek-ch"]
[Site "Wloclawek"]
[Date "2019.??.??"]
[Round "4"]
[White "Sztuka, Cezary"]
[Black "Niewiadomski, Andrzej"]
[Result "1/2-1/2"]
[WhiteElo "1491"]
[BlackElo "1800"]
[PlyCount "117"]
[EventDate "2019.09.??"]
[EventType "swiss"]
[EventRounds "9"]
[EventCountry "POL"]
[SourceTitle "EXT 2021"]
[Source "ChessBase"]
[SourceDate "2020.10.23"]
[SourceVersion "1"]
[SourceVersionDate "2020.10.23"]
[SourceQuality "1"]

1. e4 c5 2. Nc3 a6 3. g3 b5 4. Bg2 Bb7 5. d3 e6 6. f4 d6 7. Nge2 Nf6 8. 0-0 Qc7 9. Kh1 Be7 10. a3 Nbd7 11. Be3 Ng4 12. Bg1 h5 13. h3 Rc8 14. hxg4 hxg4+ 15. Bh2 f5 16. Rf2 b4 17. axb4 cxb4 18. Nb1 Qxc2 19. Qxc2 Rxc2 20. exf5 Bxg2+ 21. Kxg2 Rxb2 22. Bg1 Nc5 23. Nd4 Rxf2+ 24. Bxf2 Bf6 25. Ra2 exf5 26. Nxf5 Nxd3 27. Nxd6+ Kd7 28. Ne4 Nxf2 29. Nxf2 Ra8 30. Nd2 Kc6 31. Nxg4 Bc3 32. Rc2 Kd5 33. Kf3 Bxd2 34. Rxd2+ Kc4 35. Ne3+ Kc3 36. Ke2 Re8 37. Rd3+ Kb2 38. Kd2 Rc8 39. Nd1+ Ka2 40. Nc3+ bxc3+ 41. Rxc3 Rd8+ 42. Kc2 Re8 43. Rc6 Ra8 44. g4 a5 45. f5 Ra7 46. Rc5 a4 47. Rc8 a3 48. Rc4 Ka1 49. g5 Rb7 50. f6 gxf6 51. gxf6 Rb2+ 52. Kc3 Rf2 53. Kb3 Rf3+ 54. Rc3 Rxc3+ 55. Kxc3 Kb1 56. f7 a2 57. f8Q a1Q+ 58. Kc4 Qa2+ 59. Kb4 1/2-1/2